Online marketing vybranej spoločnosti bakalárska práca

Na minha lista:
Detalhes bibliográficos
Autor principal: Schwarzová, Róberta
Autor Corporativo: Obchodná fakulta EU. Katedra marketingu
Outros Autores: Rehák, Róbert, 1984-
Formato: Livro
Idioma:eslovaco
Publicado em: Bratislava 2017
Tags: Adicionar Tag
Sem tags, seja o primeiro a adicionar uma tag!

MARC

LEADER 00000nbm a2200000 4500
001 0232673
005 20240916081703.9
041 0 |a slo 
044 |a SK 
245 1 0 |a Online marketing vybranej spoločnosti  |b bakalárska práca  |c Róberta Schwarzová ; školiteľ: Róbert Rehák 
264 1 |a Bratislava  |c 2017 
300 |a 41 s. 
100 1 |a Schwarzová, Róberta 
700 1 |a Rehák, Róbert, 1984- 
710 2 |a Obchodná fakulta EU. Katedra marketingu